• 首页
  • 本馆介绍
  • 公告通知
  • 最新文献
  • 馆藏检索
  • 电子资源
  • 读者导购
  • 参考咨询
  • 我的图书馆
  • 登录
  • 详细信息显示
  • 放入我的书架
  • 预约/预借图书
  • 作者相关作品
  • 分类相关作品
  • 丛书相关作品
  • 出版社相关作品

书目信息

  • 表格格式
  • 工作单格式
  • 卡片格式
题名:
辩证唯物主义历史唯物主义
    
 
作者: 艾思奇 主编
分册:  
出版信息: 北京   人民出版社  1978
页数: 353页
开本: 20cm
丛书名:
单 册:
中图分类: B0-0 , B0
科图分类:
主题词: 辩证唯物主义 , 历史唯物主义 , 哲学理论
电子资源:
ISBN:
000 00674nam0 2200265 45
001 1234314734
005 20090929162137.90
010    @dCNY0.85
091    @aCN@b2001.111
100    @a19950714d1978 emky0chiy0121 ea
101 0  @achi
102    @aCN@b110000
105    @ay z 000yy
200 10 @a辩证唯物主义历史唯物主义@Abian zheng wei wu zhu yi li shi wei wu zhu yi@f艾思奇主编
205    @a3版
210    @a北京@c人民出版社@d1978
215    @a353页@d20cm
606 0  @a辩证唯物主义
606 0  @a历史唯物主义
606 0  @a哲学理论
690    @aB0-0@v3
690    @aB0@v4
701  0 @a艾思奇@Aai si qi@4主编
801  0 @aCN@bTSSF
905    @a10447@dB0@eJY19
    
    辩证唯物主义历史唯物主义/艾思奇主编.-3版.-北京:人民出版社,1978
    353页;20cm
    
    
    ISBN :CNY0.85
    
●
相关链接 在E读中查询图书 在五车中查询图书 在当当中查询图书 在豆瓣中查询图书


正题名:辩证唯物主义历史唯物主义     索取号:B0/JY19         预约/预借

序号 登录号 条形码 馆藏地/架位号 状态 备注
1 7809512   278095124   学院路分馆/ [索取号:B0/JY19] 在馆    
2 7809513   278095133   学院路分馆/ [索取号:B0/JY19] 在馆    
3 7809514   278095142   学院路分馆/ [索取号:B0/JY19] 在馆    
4 7809515   278095151   学院路分馆/ [索取号:B0/JY19] 在馆    
5 7809516   278095160   学院路分馆/ [索取号:B0/JY19] 在馆    
唐山师范学院图书馆 欢迎您!
大连网信软件有限公司© 版权所有